00703nam a22002177a 4500003000500000005001700005008004100022010001000063011001000073035001000083040000900093082001600102100002100118245010900139260005400248300002500302490004000327501003800367650004000405830004000445CHAP20220329140224.0971013s1888 r 00010 d a48780 a49752 a53902 cCHAP a633.73bR6500aRisler, Eugenio. aFisiología y cultivo del trigo ; principios que debe seguirde para disminuir el costo de dicho cultivo aMéxico, D. F. :bSecretaría de Fomento,c1888 apág. var.b: ilus. aBiblioteca de la Revista Agrícola aEnc. con otros impresos similares14aTrigoxFisiología y morfología.0 aBiblioteca de la Revista Agrícola